|
|
|
|
| LEADER |
00000nam0a2200000 4500 |
| 001 |
36465 |
| 005 |
20231031001934.0 |
| 035 |
|
|
|a (RuTPU)RU\TPU\book\36938
|
| 035 |
|
|
|a BOOK00003590
|
| 090 |
|
|
|a 36465
|
| 100 |
|
|
|a 20011210d1981 m y0rusy50 ca
|
| 101 |
0 |
|
|a rus
|
| 102 |
|
|
|a RU
|
| 105 |
|
|
|a a j 001zy
|
| 200 |
1 |
|
|a Научно-технические основы управления ядерными реакторами
|e учебное пособие
|f И. Я. Емельянов, А. И. Ефанов, Л. В. Константинов
|
| 210 |
|
|
|a Москва
|c Энергоиздат
|d 1981
|
| 215 |
|
|
|a 360 с.
|c ил.
|
| 320 |
|
|
|a Алф.-предм. указ.: с. 357-368.
|
| 610 |
1 |
|
|a ядерные реакторы
|
| 610 |
1 |
|
|a управление
|
| 610 |
1 |
|
|a защита
|
| 610 |
1 |
|
|a нейтроны
|
| 610 |
1 |
|
|a сигналы
|
| 610 |
1 |
|
|a детекторы
|
| 610 |
1 |
|
|a реактивность
|
| 610 |
1 |
|
|a учебные пособия
|
| 675 |
|
|
|a 621.039.51(075.8)
|v 3
|
| 700 |
|
1 |
|a Емельянов
|b И. Я.
|g Иван Яковлевич
|
| 701 |
|
1 |
|a Ефанов
|b А. И.
|g Альберт Иванович
|
| 701 |
|
1 |
|a Константинов
|b Л. В.
|g Леонард Васильевич
|
| 801 |
|
0 |
|a RU
|b 63413507
|c 20011210
|g PSBO
|
| 801 |
|
2 |
|a RU
|b 63413507
|c 20111031
|g PSBO
|
| 900 |
|
|
|a Спецкурс 71
|
| 900 |
|
|
|a Ядерные реакторы
|
| 900 |
|
|
|a Основы проектирования и анализ уязвимости физической защиты ядерного объекта
|
| 900 |
|
|
|a Системы автоматического контроля технологических процессов
|
| 900 |
|
|
|a Экспериментальная реакторная физика
|
| 900 |
|
|
|a Теория управления ядерным реактором
|
| 942 |
|
|
|c BK
|
| 952 |
|
|
|a 552700
|b 100000
|